Istorija Jugoslavije 1918-1978

Bibliographic Details
Main Author: Petranović, Branko (Author)
Format: Book
Language:Undetermined
PhysicalDescription:648 S.
Published: Beograd Nolit 1981

MARC

LEADER 00000nam a2200000 a 4500
001 vtls001363333
003 SK-MaSNL
005 20260301115132.0
008 240314s1981 xx 0 und
035 |a SNK000316944 
040 |a SNK  |b slo  |c SNK  |e AACR2 
100 1 |a Petranović, Branko  |4 aut  |9 459659 
245 1 0 |a Istorija Jugoslavije 1918-1978 
260 |a Beograd  |b Nolit  |c 1981 
300 |a 648 S. 
958 |a OND 
999 |c 721024  |d 722954 
952 |t P60, <04>, [BOOK], {604}  |a SNK  |b SNK  |y VYP  |7 0  |p 17A0193382  |o snkIC 92895  |0 0  |1 0  |4 0  |d 1999-05-14  |l 0  |r 2005-01-02 00:00:00  |w 2026-02-23